00589cam a2200217 a 450000100090000000300060000900500170001500800410003201000130007302000150008604000130010108200160011410000210013024500540015126000350020530000200024041000110026050400530027163000220032465000250034639633497OCoLC20190213161957.0980720s1998 tnu b 000 0 eng  a98038284 a084991325X aDLCcDLC a220.6bJ46M1 aJeffrey, Grant R14aThe mysterious Bible codes /cby Grant R. Jeffrey aNashville :bWord Pub.,cc1998 a197 p. ;c25 cm20aengheb aIncludes bibliographical references (p. 193-197)00aBiblexProphecies 0aCiphers in the Bible